000 00604nam a2200193Ia 4500
003 GCL
008 140319s9999 xx 000 0 ara d
040 _aGCL /
_cGCL
082 0 4 _a327.7304
_bا ع
100 1 _aمحمد طه بدوى
245 1 0 _aالعلاقات الامريكية الاوربية بين التحالف والمصلحة /
_cمحمد طه بدوى
700 1 _aاحمد وهبان
300 _a301 ص
490 _a
650 0 4 _aالولايات المتحدة الامريكية
650 0 4 _aالسياسة
650 0 4 _aالعلاقات الدولية
942 _2ddc
_cBK
999 _c46411
_d46411